| 000 -LEADER |
| fixed length control field |
00504pab a2200181 454500 |
| 008 - FIXED-LENGTH DATA ELEMENTS--GENERAL INFORMATION |
| fixed length control field |
180718b2012 xxu||||| |||| 00| 0 eng d |
| 100 ## - MAIN ENTRY--PERSONAL NAME |
| Personal name |
Kaur, Veerpal |
| 245 ## - TITLE STATEMENT |
| Title |
Levels and pattern of income of farmers in rural Haryana: District-wise analysis |
| 260 ## - PUBLICATION, DISTRIBUTION, ETC. |
| Date of publication, distribution, etc. |
2012 |
| 300 ## - PHYSICAL DESCRIPTION |
| Extent |
p.17-30. |
| 650 ## - SUBJECT ADDED ENTRY--TOPICAL TERM |
| Topical term or geographic name entry element |
Income - India - Haryana |
| 650 ## - SUBJECT ADDED ENTRY--TOPICAL TERM |
| Topical term or geographic name entry element |
Farmers - India - Haryana |
| 650 ## - SUBJECT ADDED ENTRY--TOPICAL TERM |
| Topical term or geographic name entry element |
Farmers |
| 700 ## - ADDED ENTRY--PERSONAL NAME |
| Personal name |
Singh, Gian |
| 773 ## - HOST ITEM ENTRY |
| Main entry heading |
Research Journal Social Sciences |
| 908 ## - PUT COMMAND PARAMETER (RLIN) |
| Put command parameter |
N |
| 909 ## - |
| -- |
99657 |